| 000 | 00809nam a2200205 a 4500 | ||
|---|---|---|---|
| 008 | 060316s1990 ||||||||||||||||| || u | ||
| 020 | _a0471613517 | ||
| 050 | _aHF 5415.2 Aak | ||
| 100 | _aAaker, David A | ||
| 245 | 1 | 0 | _aMarketing research. (4th ed.) |
| 250 | _a4th ed. | ||
| 260 |
_aNew York : _bJohn Wiley and Sons _c1990 |
||
| 300 | _axiv, 739, [29] p. : ill. | ||
| 350 | _a0.00 | ||
| 500 | _aIncludes bibliographical references. | ||
| 650 | 0 | _aMARKETING RESEARCH | |
| 700 | _aDay, George S | ||
| 995 |
_aTEXTBOOKS (SB) _D0.00 _e1812 _FCBU-SCHOOL TEXTBOOK COLLECTIONS _H1 _I0.00 _jSCHOOL TEXTBOOK _M2 _UAVAILABLE _WSep 30, 2009 _y1812 _ZSchool Collections |
||
| 995 |
_aBINDERY (DAMAGED) _D0.00 _e005653 _FCBU-MAIN LIBRARY (Kitwe) _H1 _I13.50 _jHF 5415.2 Aak _UDAMAGED _y005653 _ZMain Library Open Access Collection |
||
| 999 |
_c82676 _d82676 |
||